Jano

Bibliographic Details
Main Author: Kráľ, Fraňo, 1903-1955 (Author)
Other Authors: Cpin, Štefan, 1919-1971 (Illustrator), Sliacky, Ondrej, 1941- (Author of afterword, colophon, etc.)
Format: Book
Language:Slovak
PhysicalDescription:53 strán ilustrácie 23 cm
Published: Bratislava Ikar 2002
ISBN:8055102910
Edition:1. vyd.
Series:Zlatý fond literatúry pre deti a mládež
Subjects:

MARC

LEADER 00000cam a2200000 a 4500
001 vtls008179247
003 SK-MaSNL
005 20260302074035.0
008 210701s2002 xo a jr 000 1 slo
015 |a SNBA2002 
020 |a 8055102910  |q (viazané) 
035 |a urn:nbn:sk:snk-am00fc0p 
035 |a urn:nbn:sk:snk-am3iq6k 
035 |a 1D3E4B06-ACFF-4781-B6DA-CC94DACB5826 
040 |a SNK  |b slo  |c SNK  |e AACR2 
041 0 |a slo 
044 |a xo  |c SK 
072 7 |a 821.162.4-3  |x Slovenská próza  |2 konspekt 
072 7 |a 821-93  |x Literatúra pre deti a mládež (beletria)  |2 konspekt 
080 |a 821.162.4-93-31  |2 1997 
080 |a 821.162.4-3  |2 2011 
080 |a 82-93-053.4/.5  |2 2011 
100 1 |a Kráľ, Fraňo,  |d 1903-1955  |4 aut  |9 25061 
245 1 0 |a Jano  |c Fraňo Kráľ ; [ilustroval Štefan Cpin ; doslov Ondrej Sliacky] 
250 |a 1. vyd. 
260 |a Bratislava  |b Ikar  |c 2002 
300 |a 53 strán  |b ilustrácie  |c 23 cm 
490 1 |a Zlatý fond literatúry pre deti a mládež 
655 7 |a slovenské prózy  |2 SNKPH  |9 70229 
655 7 |a literatúra pre deti  |2 SNKPH  |9 87135 
700 1 1 |a Cpin, Štefan,  |d 1919-1971  |4 ill  |9 117258 
700 1 |a Sliacky, Ondrej,  |d 1941-  |4 aft  |9 203389 
830 0 |a Zlatý fond literatúry pre deti a mládež  |9 306482 
918 |a 80-551-0291-0 
958 |a TL 
958 |a DB 
958 |a LX 
958 |a OND 
999 |c 1163389  |d 1165319 
952 |t P60, <03>, [BOOK], {603}  |a SNK  |b SNK  |y PREZ  |7 0  |p 17A0361131  |o snkSC 109634  |i snkKSP 12894/2002  |0 0  |1 0  |4 0  |d 2002-10-23  |f 1  |l 0  |r 2025-09-30 00:00:00  |w 2026-02-24 
952 |t P60, <04>, [BOOK], {604}  |a SNK  |b SNK  |y VYP  |7 0  |p 17A0361132  |o snkSC 109634 D1  |i snkKSP 12895/2002  |0 0  |1 0  |4 0  |d 2002-10-23  |l 0  |r 2005-01-02 00:00:00  |w 2026-02-24